| 000 | 00628nam a2200205Ia 4500 | ||
|---|---|---|---|
| 005 | 20250923144846.0 | ||
| 008 | 008 250917s9999 xx 000 0 eng d | ||
| 037 | _aReference | ||
| 040 |
_aDSWL _beng _cDSWL |
||
| 041 |
_aeng _2eng |
||
| 084 |
_aT9(Y4).56e2'N59t, N60 _qDSWL |
||
| 100 |
_aDurand, Victor _9829138 |
||
| 245 | 0 |
_aDisturbances at the Carlton approved school on 29th and 30th August, 1959 _cby Victor Durand |
|
| 260 |
_aLondon _bHMSO _c1960 |
||
| 300 | _a59p. | ||
| 365 |
_aINR _b3.6 |
||
| 925 | _g3.6 | ||
| 942 |
_cREF _hT9(Y4).56e2'N59t, N60 |
||
| 999 |
_c1444239 _d1444239 |
||